Sports Quiz

Random Sports or MLB Quiz
Score 0/203 Timer 15:00
0 Plays Today
WIN Player % Correct
160Justin Verlander
100%
161Max Scherzer
99.6%
156Clayton Kershaw
99.6%
140David Price
99.2%
119Madison Bumgarner
99.2%
155Zack Greinke
98.9%
148Jon Lester
98.1%
115CC Sabathia
97.4%
111Felix Hernandez
97.4%
38Roberto Hernandez
97.4%
116Adam Wainwright
97%
109Chris Sale
97%
112Stephen Strasburg
96.2%
115Cole Hamels
95.9%
135Rick Porcello
94.4%
98Corey Kluber
93.6%
106Jake Arrieta
92.5%
94Gerrit Cole
92.5%
106Johnny Cueto
91.7%
123Gio Gonzalez
90.2%
90Anibal Sanchez
89.5%
52Miguel Gonzalez
87.6%
102James Shields
84.2%
66Jacob deGrom
84.2%
85Carlos Carrasco
83.8%
99Jered Weaver
82%
53Cliff Lee
80.8%
92Jordan Zimmermann
80.5%
98R.A. Dickey
80.1%
47Noah Syndergaard
79.7%
70Sonny Gray
78.6%
43Jon Gray
78.6%
69Edwin Jackson
77.8%
98Lance Lynn
77.4%
75Masahiro Tanaka
77.4%
83Jose Quintana
77.1%
53Aaron Nola
76.7%
63Yu Darvish
76.3%
51Eduardo Rodriguez
76.3%
46Wandy Rodriguez
76.3%
108J.A. Happ
75.9%
60Matt Cain
75.9%
77Julio Teheran
75.6%
70Trevor Bauer
75.2%
82C.J. Wilson
74.8%
94Bartolo Colon
74.4%
90Ervin Santana
74.4%
83Ubaldo Jimenez
74.4%
74Tim Hudson
74.4%
48Daniel Hudson
74.4%
38Jose Fernandez
74.4%
84Dallas Keuchel
72.9%
82Charlie Morton
72.6%
70Tim Lincecum
72.6%
86John Lackey
71.8%
55Roy Halladay
71.8%
70Patrick Corbin
71.4%
63Kyle Hendricks
71.4%
58Carlos Martinez
69.5%
54Hyun-Jin Ryu
68.8%
96Ian Kennedy
68.4%
38Blake Snell
68.4%
51Marcus Stroman
68%
99Yovani Gallardo
67.7%
89Ivan Nova
67.7%
79Mark Buehrle
67.7%
42Luis Severino
67.7%
44Matt Harvey
66.5%
WIN Player % Correct
60Chris Archer
66.2%
40Andrew Miller
65.4%
38Shelby Miller
65.4%
44Rich Hill
63.2%
78Jeff Samardzija
62.8%
70Mike Minor
62.8%
57Jake Peavy
62.8%
56James Paxton
62.4%
41Joe Smith
62.4%
68Homer Bailey
61.3%
88Francisco Liriano
60.9%
69Edinson Volquez
60.9%
47Robbie Ray
60.5%
105Mike Leake
59.8%
44Zack Wheeler
59%
61Wade Davis
58.6%
53Chase Anderson
58.3%
48Brett Anderson
58.3%
53Alex Wood
57.9%
47Travis Wood
57.9%
41Mike Clevinger
57.9%
75Phil Hughes
57.5%
43Jose Berrios
57.1%
72Chris Tillman
56.8%
74Tanner Roark
56.4%
58Clayton Richard
56.4%
64A.J. Burnett
56%
70Derek Holland
54.5%
69Jaime Garcia
54.5%
35Freddy Garcia
54.5%
60Danny Duffy
54.1%
65Colby Lewis
53.8%
62Jake Odorizzi
53.8%
47Kenta Maeda
53.8%
80Doug Fister
53%
38Dylan Bundy
53%
78Clay Buchholz
52.6%
85Wade Miley
52.3%
63Hisashi Iwakuma
51.9%
59Wei-Yin Chen
51.5%
59Michael Wacha
51.5%
46Bruce Chen
51.5%
51Michael Pineda
51.1%
53Martin Perez
50.8%
45Garrett Richards
50%
90Jason Vargas
49.6%
62Bronson Arroyo
49.6%
69Mike Fiers
49.2%
38Danny Salazar
48.9%
67Kyle Gibson
48.5%
57Andrew Cashner
48.1%
76Jeremy Hellickson
47.7%
44Tyson Ross
47.7%
77Jhoulys Chacin
47.4%
74Dan Haren
47.4%
63Jorge De La Rosa
47.4%
62Marco Estrada
46.6%
51Ryan Vogelsong
45.9%
53Aaron Harang
45.5%
38Yordano Ventura
45.5%
53Alex Cobb
45.1%
58Collin McHugh
44.7%
74Ricky Nolasco
42.5%
47Kevin Gausman
42.5%
79Jason Hammel
42.1%
38German Marquez
42.1%
51Scott Kazmir
41.7%
66Matt Garza
41%
WIN Player % Correct
54Matt Moore
41%
37Matt Harrison
39.8%
74Trevor Cahill
39.1%
35Sean Manaea
38.7%
62Hiroki Kuroda
38.3%
43Zach Davies
38%
67Jon Niese
37.6%
48John Danks
37.6%
67Mat Latos
37.2%
44Mike Foltynewicz
37.2%
63Kyle Lohse
36.8%
57Kyle Kendrick
36.1%
46Drew Pomeranz
35.3%
48Joe Kelly
33.8%
54Justin Masterson
33.5%
43Matt Shoemaker
33.1%
46Nathan Eovaldi
32%
36Anthony DeSclafani
30.5%
38Ricky Romero
30.1%
49Tyler Chatwood
29.7%
61Bud Norris
29.3%
47David Robertson
28.9%
64Jeremy Guthrie
28.6%
63Josh Tomlin
27.8%
45Ryan Dempster
25.9%
36Chad Billingsley
25.9%
47Tommy Hunter
25.6%
35Drew Smyly
25.6%
50Wily Peralta
25.2%
37Zack Godley
24.8%
45Tyler Clippard
24.4%
38Gavin Floyd
24.4%
35Derew Lowe
24.4%
54Scott Feldman
23.7%
43Brandon Morrow
22.6%
44Dan Straily
22.2%
35Chris Capuano
22.2%
51Dillon Gee
21.8%
42Jake Westbrook
21.4%
50Tommy Milone
21.1%
43Jordan Lyles
20.7%
40Jesse Chavez
19.9%
38Joe Blanton
19.2%
49Brandon McCarthy
18.4%
36Tom Koehler
18%
41Wade LeBlanc
16.9%
47Hector Santiago
16.2%
40Juan Nicasio
15.4%
37Brett Cecil
15.4%
40Mike Pelfrey
15%
38Kris Medlen
15%
39Tony Watson
14.7%
35Jeff Locke
14.3%
38Tommy Hanson
13.2%
36Santiago Casilla
13.2%
41Brian Duensing
12.8%
39Paul Maholm
12.8%
38John Axford
12.4%
47Alfredo Simon
12%
41Joe Saunders
12%
40Craig Stammen
12%
38Josh Collmenter
12%
37Shaun Marcum
12%
36Brad Brach
11.7%
35Vance Worley
11.3%
50Kevin Correia
5.6%
37Matt Albers
3.8%
Come Together.
Have Fun.
All Virtual.
We all need to come together. Play Sporcle's virtual live trivia to have fun, connect with people, and get your trivia on. Join a live hosted trivia game for your favorite pub trivia experience done virtually. If a virtual private party is more your thing, go here for details.

You're not logged in!

Compare scores with friends on all Sporcle quizzes.
OR
Log In

Sporcle TV

Today on Sporcle TV


Watch our educational content, quiz creation guides, and fun videos on Sporcle TV.

Show Comments

Extras

Top Quizzes Today


Score Distribution

Paid Content

Your Account Isn't Verified!

In order to create a playlist on Sporcle, you need to verify the email address you used during registration. Go to your Sporcle Settings to finish the process.

Report this User

Report this user for behavior that violates our Community Guidelines.

Details: